00619nam a22001697a 450000500170000000800410001702000150005805000220007310000280009524500630012325000110018626000280019730000210022550001160024650400430036265000440040520230224100058.0230208b sp ||||| |||| 00| 0 spa d a843093765X04aKKT3500bE83 2002 aEscobar Roca, Guillermo13aEl estatuto de los periodistasc / Guillermo Escobar Roca. a1a ed. aMadrid :bTecnos,c2002 a305 p. ;c21 cm. aTomado de la cubierta. Régimen normativo de la profesión y organización de las empresas de comunicación aBibliografía : p. 287-298 e índice 72lembaPrensa xLegislación zEspaña